[Event "Sunway Sitges Online Open"]
[Site "chess.com INT"]
[Date "2020.04.26"]
[Round "8.63"]
[White "Berke, Ana"]
[Black "Dunn, Maxim"]
[Result "1-0"]
[WhiteTitle "WIM"]
[WhiteElo "2090"]
[BlackElo "1729"]
[WhiteFideId "14510359"]
[BlackFideId "456551"]
[EventDate "2020.04.19"]

1. e4 c5 2. Nf3 d6 3. Bb5+ Nd7 4. O-O a6 5. Bxd7+ Bxd7 6. d4 cxd4 7. Qxd4 Nf6 8.
c4 g6 9. Nc3 Bg7 10. Qd3 O-O 11. Rd1 Rc8 12. h3 Be6 13. Nd5 Bxd5 14. exd5 Qc7
15. Nd2 Nd7 16. Rb1 Ne5 17. Qe2 Nxc4 18. Nxc4 Qxc4 19. Qxe7 Be5 20. Qxb7 Qxa2
21. Bh6 Rb8 22. Qa7 Ra8 23. Qe3 Rfe8 24. Qd2 Rab8 25. b4 Qxd2 26. Rxd2 a5 27. b5
Bc3 28. Rc2 Bb4 29. Bd2 Re2 30. Bxb4 Rxc2 31. Bxd6 Rb7 32. b6 Rd2 33. Rb5 Rd1+
34. Kh2 a4 35. Bc7 a3 36. d6 a2 37. Ra5 a1=Q 38. Rxa1 Rxa1 39. d7 Rd1 40. d8=Q+
Rxd8 41. Bxd8 h5 42. Kg3 f6 43. Bc7 Kf7 44. Kf4 Ke6 45. g4 h4 46. g5 f5 47. f3
Kd5 48. Ke3 Kc4 49. Kd2 Kd4 50. Ke2 Kc4 51. Kd2 Kc5 52. Kc3 Kd5 53. Kb4 Kd4 54.
Kb5 Ke3 55. Kc6 Rxb6+ 56. Bxb6+ Kxf3 57. Kd5 Kf4 58. Ke6 Kxg5 59. Be3+ Kh5 60.
Ke5 f4 61. Kxf4 Kh6 62. Kg4+ Kg7 63. Kxh4 Kf6 64. Kg4 Kg7 65. Kg5 Kh7 66. Bd4 1-0

[Event "Sunway Sitges Online Open"]
[Site "chess.com INT"]
[Date "2020.04.26"]
[Round "8.64"]
[White "Gonzalez Cuervo, Eloy"]
[Black "Jordan, Valence"]
[Result "0-1"]
[WhiteElo "2017"]
[BlackElo "1760"]
[WhiteFideId "2239299"]
[BlackFideId "7404611"]
[EventDate "2020.04.19"]

1. e4 c6 2. d4 d5 3. exd5 cxd5 4. c4 Nc6 5. Nc3 Nf6 6. Bg5 Be6 7. c5 Qa5 8. Bxf6
exf6 9. a3 Qd8 10. b4 a6 11. Na4 g6 12. Ne2 Bg7 13. Nb6 Rb8 14. Qb3 O-O 15. g3
Re8 16. Rd1 Qe7 17. f3 f5 18. Kf2 f4 19. Qc3 g5 20. Bg2 Rbd8 21. a4 Bf5 22. Rhe1
Qe3+ 23. Qxe3 fxe3+ 24. Kg1 Nxb4 25. Rf1 Bc2 26. Rc1 Bd3 27. Rb1 Nc2 28. Rb2
Bxe2 29. Rxc2 Bd3 30. Rcc1 Bxd4 31. Rce1 0-1

[Event "Sunway Sitges Online Open"]
[Site "chess.com INT"]
[Date "2020.04.26"]
[Round "8.65"]
[White "Jorajuria Mendoza, Algol"]
[Black "Pevar, Andrew"]
[Result "0-1"]
[WhiteElo "1693"]
[BlackElo "1868"]
[WhiteFideId "5128897"]
[BlackFideId "219789"]
[EventDate "2020.04.19"]

1. e4 c5 2. Nc3 Nc6 3. g3 g6 4. Bg2 Bg7 5. d3 d6 6. f4 e6 7. Nf3 Nge7 8. O-O O-O
9. Bd2 Rb8 10. a3 b5 11. Rb1 a5 12. a4 b4 13. Nb5 Bb7 14. Qe2 Qd7 15. c4 Rbd8
16. b3 d5 17. cxd5 exd5 18. Rfc1 dxe4 19. dxe4 Nd4 20. Nfxd4 Bxd4+ 21. Be3 Ba6
22. Bf1 Rfe8 23. Qf2 Bxe3 24. Qxe3 Nf5 25. Qf2 Rxe4 26. Rxc5 Qd2 27. Rb2 Qd1 28.
Re5 Rxe5 29. fxe5 Bb7 30. g4 Qxg4+ 0-1

[Event "Sunway Sitges Online Open"]
[Site "chess.com INT"]
[Date "2020.04.26"]
[Round "8.66"]
[White "Ishvi, Aggarwal"]
[Black "Krishnan, Saatvik"]
[Result "1-0"]
[WhiteElo "1840"]
[BlackElo "1671"]
[WhiteFideId "25728890"]
[BlackFideId "30957125"]
[EventDate "2020.04.19"]

1. d4 d6 2. c4 Nd7 3. e4 g6 4. g3 Bg7 5. Bg2 e5 6. Nf3 Ne7 7. Nc3 O-O 8. O-O h6
9. Be3 f5 10. Qd2 fxe4 11. Nxe4 Nf5 12. d5 Nxe3 13. fxe3 Nf6 14. Nh4 g5 15. Ng6
Rf7 16. Nxf6+ Bxf6 17. Rf2 Bg7 18. Rxf7 Kxf7 19. Qc2 Bf6 20. Bf3 Kg7 21. Bh5 Bd7
22. Rf1 Be8 23. Nf8 Kxf8 24. Bxe8 Qxe8 25. Rxf6+ Kg7 26. Qf5 Rd8 27. h4 Qh5 28.
g4 Qe8 29. hxg5 h5 30. g6 Rd7 31. gxh5 Qh8 32. Qxd7+ Kxf6 33. Qf7+ Kg5 34. g7
Qxh5 35. g8=Q+ Kh4 36. Qf2+ Kh3 37. Qgg3# 1-0

[Event "Sunway Sitges Online Open"]
[Site "chess.com INT"]
[Date "2020.04.26"]
[Round "8.68"]
[White "Koolen, Tom"]
[Black "Shoshin, Kirill"]
[Result "1/2-1/2"]
[WhiteElo "1503"]
[BlackElo "2098"]
[WhiteFideId "1054163"]
[BlackFideId "34167061"]
[EventDate "2020.04.19"]

1. e4 e6 2. d4 d5 3. Nc3 Nf6 4. Bg5 dxe4 5. Nxe4 Be7 6. Bxf6 gxf6 7. Nf3 f5 8.
Nc3 a6 9. g3 b5 10. Bg2 Bb7 11. O-O Qd6 12. Ne5 Bxg2 13. Qh5 O-O 14. Kxg2 Qxd4
15. f4 Qb6 16. Rad1 Bf6 17. Kh3 Qc5 18. Nd7 Nxd7 19. Rxd7 Rad8 20. Ne4 fxe4 21.
Qxc5 Rxd7 22. Qc6 Rd5 23. f5 Re5 24. Rf4 e3 25. Re4 Rxf5 26. Rxe3 Rd8 27. Rd3
Rxd3 28. cxd3 Bxb2 29. Qxa6 Kg7 30. Qc6 b4 31. Qxc7 Bc3 32. Qc4 Rh5+ 33. Kg2 Ra5
34. Kh3 Rh5+ 35. Kg2 Ra5 36. Kh3 Rh5+ 1/2-1/2

[Event "Sunway Sitges Online Open"]
[Site "chess.com INT"]
[Date "2020.04.26"]
[Round "8.67"]
[White "Shatil, Shir"]
[Black "Divitt Arora"]
[Result "1-0"]
[WhiteElo "1796"]
[BlackElo "1629"]
[WhiteFideId "2828278"]
[BlackFideId "25789511"]
[EventDate "2020.04.19"]

1. d4 d5 2. c4 e6 3. Nc3 Be7 4. cxd5 exd5 5. Bf4 Nf6 6. e3 O-O 7. Bd3 b6 8. Nge2
Bb7 9. O-O Re8 10. Qc2 Bd6 11. Bxd6 cxd6 12. Nf4 h6 13. Qb3 Nc6 14. Rac1 Na5 15.
Qb4 g5 16. Nfe2 Ne4 17. Ng3 Qd7 18. Ncxe4 dxe4 19. Bb5 Bc6 20. Rxc6 Nxc6 21. Qa4
Rac8 22. d5 Qc7 23. Bxc6 Re5 24. Nxe4 Kg7 25. Qd4 Kg6 26. f4 gxf4 27. exf4 Re7
28. f5+ Kh7 29. Nf6+ Kg7 30. Ne8+ Kf8 31. Qh8# 1-0

[Event "Sunway Sitges Online Open"]
[Site "chess.com INT"]
[Date "2020.04.26"]
[Round "8.69"]
[White "Romeu Viladot, Emili"]
[Black "Sreyas, Payyappat"]
[Result "0-1"]
[WhiteElo "1723"]
[BlackElo "2156"]
[WhiteFideId "24586080"]
[BlackFideId "46674969"]
[EventDate "2020.04.19"]

1. d4 Nf6 2. c4 e6 3. Nc3 Bb4 4. e3 d5 5. Bd3 c5 6. Nf3 Nc6 7. a3 Bxc3+ 8. bxc3
O-O 9. O-O Na5 10. cxd5 c4 11. Bc2 exd5 12. Ne5 Ne4 13. Bb2 f6 14. Nf3 Bg4 15.
h3 Bh5 16. g4 Bf7 17. Nd2 Re8 18. Nxe4 dxe4 19. f3 Qd6 20. f4 Nb3 21. Rb1 a5 22.
Qe2 a4 23. Qg2 Qe7 24. Kh1 Ra5 25. f5 Qd7 26. Bxe4 Rxe4 27. Qxe4 Bd5 0-1

[Event "Sunway Sitges Online Open"]
[Site "chess.com INT"]
[Date "2020.04.26"]
[Round "8.70"]
[White "Rodriguez Avila, Alvaro"]
[Black "Elgat, Adam"]
[Result "1-0"]
[WhiteElo "1868"]
[BlackElo "1652"]
[WhiteFideId "24570249"]
[BlackFideId "30955750"]
[EventDate "2020.04.19"]

1. e4 e5 2. Bc4 Nf6 3. d3 c6 4. Nf3 d5 5. exd5 cxd5 6. Bb3 a5 7. a3 Bd6 8. Bg5
Be6 9. Nc3 d4 10. Nd5 Bxd5 11. Bxd5 Nc6 12. O-O O-O 13. Re1 Re8 14. Nh4 h6 15.
Bxf6 Qxf6 16. Qg4 Bf8 17. Re4 Ne7 18. Ba2 Rac8 19. f4 Rxc2 20. Rf1 Rxb2 21. fxe5
Qxf1+ 22. Kxf1 Rxa2 23. e6 Ra1+ 24. Kf2 Rxa3 25. exf7+ 1-0

[Event "Sunway Sitges Online Open"]
[Site "chess.com INT"]
[Date "2020.04.26"]
[Round "8.71"]
[White "Frolov, Zakhar"]
[Black "Sanitt, Ethan"]
[Result "1/2-1/2"]
[WhiteElo "1224"]
[BlackElo "1860"]
[WhiteFideId "34428380"]
[BlackFideId "427462"]
[EventDate "2020.04.19"]

1. e4 e6 2. d4 d5 3. exd5 exd5 4. c4 Bb4+ 5. Nc3 Nf6 6. Bg5 dxc4 7. Bxc4 O-O 8.
Ne2 Bf5 9. O-O Be7 10. Ng3 Bg6 11. Re1 Nbd7 12. h4 h6 13. Bf4 Nb6 14. Bb3 c6 15.
h5 Bh7 16. Qf3 Nbd5 17. Nxd5 Nxd5 18. Bxd5 cxd5 19. Re5 Bf6 20. Rxd5 Qb6 21. Rd1
Qxb2 22. Bxh6 Qxa2 23. Bg5 Bxg5 24. Rxg5 Qa6 25. Nf5 Bxf5 26. Qxf5 Rad8 27. Rd3
Rxd4 28. Rxg7+ Kxg7 29. Rg3+ Kh8 30. Qe5+ f6 31. Qxd4 Rg8 32. Rf3 Rf8 33. h6 b5
34. h7 Qe6 35. Qxa7 Qe1+ 36. Kh2 Qe5+ 37. Rg3 Qh5+ 38. Rh3 Qe5+ 39. Rg3 Qh5+ 40.
Rh3 Qe5+ 41. g3 b4 42. Rh4 b3 43. Rb4 Qh5+ 44. Kg2 Qd5+ 45. Kh2 1/2-1/2

[Event "Sunway Sitges Online Open"]
[Site "chess.com INT"]
[Date "2020.04.26"]
[Round "8.72"]
[White "Al Dosari, Naif"]
[Black "Wojtacha, Krzysztof"]
[Result "0-1"]
[WhiteElo "1787"]
[BlackElo "1528"]
[WhiteFideId "21504482"]
[BlackFideId "21881529"]
[EventDate "2020.04.19"]

1. d4 Nf6 2. c4 g6 3. g3 Bg7 4. Bg2 O-O 5. Nf3 d6 6. Nc3 Nbd7 7. O-O e5 8. dxe5
Nxe5 9. Nxe5 dxe5 10. Qc2 c6 11. e4 Be6 12. b3 Qc7 13. Bb2 Rad8 14. Rad1 Nd7 15.
Ba3 Rfe8 16. Bd6 Qc8 17. c5 Bf8 18. Rd2 Nxc5 19. Bxf8 Rxf8 20. Rfd1 Na6 21. Na4
c5 22. Qc3 Rd4 23. Nb2 b6 24. Nd3 f6 25. f4 Qc7 26. a3 Rfd8 27. h3 c4 28. bxc4
Qxc4 29. Qxc4 Bxc4 30. Bf1 Kg7 31. Kf2 Nc5 32. Ke3 Nxe4 33. fxe5 Nxd2 34. exf6+
Kxf6 35. Rxd2 Bxd3 36. Bxd3 Rxd3+ 37. Rxd3 Rxd3+ 38. Kxd3 b5 39. Kd4 a5 40. Kc5
b4 41. axb4 axb4 42. Kxb4 Ke5 43. Kc4 Ke4 44. Kc5 Kf3 45. Kd5 Kxg3 46. Ke5 Kxh3
47. Kf6 h5 48. Kg5 Kg3 0-1

[Event "Sunway Sitges Online Open"]
[Site "chess.com INT"]
[Date "2020.04.26"]
[Round "8.73"]
[White "Soares, Andre"]
[Black "Pradyumna Kanukollu"]
[Result "1-0"]
[WhiteElo "1736"]
[BlackElo "1138"]
[WhiteFideId "7401132"]
[BlackFideId "25720090"]
[EventDate "2020.04.19"]

1. d4 Nf6 2. c4 e6 3. Nc3 Bb4 4. a3 Bxc3+ 5. bxc3 O-O 6. e3 d5 7. Bd3 c5 8. Nf3
Nbd7 9. Bd2 b6 10. cxd5 exd5 11. O-O Bb7 12. a4 a6 13. Bc1 Rc8 14. Qe2 c4 15.
Bc2 Re8 16. Nd2 Ne4 17. Bxe4 dxe4 18. Nxc4 Qc7 19. Nd2 Qxc3 20. Ba3 Qa5 21. Nc4
Qxa4 22. Nd6 Bc6 23. Qa2 Bb5 24. Qxf7+ Kh8 25. Nxe8 Rc7 26. Qxg7# 1-0

[Event "Sunway Sitges Online Open"]
[Site "chess.com INT"]
[Date "2020.04.26"]
[Round "8.74"]
[White "Mendes Aaron Reeve"]
[Black "Couture, Jonathan"]
[Result "1-0"]
[WhiteElo "1520"]
[BlackElo "1806"]
[WhiteFideId "25954938"]
[BlackFideId "2616718"]
[EventDate "2020.04.19"]

1. e4 Nf6 2. Nc3 e5 3. Nf3 Nc6 4. d4 Bb4 5. Bg5 h6 6. dxe5 hxg5 7. exf6 Qxf6 8.
Qd3 g4 9. Nd2 Ne5 10. Qg3 c6 11. O-O-O d6 12. Nc4 Be6 13. Nxd6+ Ke7 14. Nf5+
Bxf5 15. exf5 Qxf5 16. Bd3 Qe6 17. Rhe1 Rh5 18. Be2 Rd8 19. Bxg4 Rxd1+ 20. Kxd1
Qd6+ 21. Qd3 Rxh2 22. f4 Rxg2 23. Rxe5+ Kf8 24. Bd7 f6 25. Re8+ Kf7 26. Qxd6
Bxd6 27. f5 Be5 28. Re6 g5 29. Ne4 Rg4 30. Be8+ Kf8 31. Nc5 Bxb2 32. Bg6 Rd4+
33. Ke2 Rd8 34. Nxb7 Rd7 35. Re8+ Kg7 36. Nd8 g4 37. Ne6+ 1-0

[Event "Sunway Sitges Online Open"]
[Site "chess.com INT"]
[Date "2020.04.26"]
[Round "8.75"]
[White "Vinolas Anglada, Laura"]
[Black "Hughes, Henry"]
[Result "1-0"]
[WhiteElo "1726"]
[BlackElo "1491"]
[WhiteFideId "24517925"]
[BlackFideId "329219082"]
[EventDate "2020.04.19"]

1. e4 c5 2. Nc3 Nc6 3. g3 g6 4. Bg2 Bg7 5. d3 e6 6. Be3 d6 7. Qd2 Bd7 8. Nge2 a6
9. Nd1 Rb8 10. c3 b5 11. f4 Nge7 12. O-O O-O 13. g4 f5 14. h3 fxg4 15. hxg4 Kh8
16. Ng3 Ng8 17. Bf3 b4 18. Qh2 bxc3 19. bxc3 Qa5 20. Ne2 Qa4 21. Kg2 Qc2 22. Rh1
h6 23. Nf2 Rb2 24. g5 Qxe2 25. Bxe2 Rxe2 26. Rae1 Rxa2 27. gxh6 Bxc3 28. Rb1 Nf6
29. Qg3 Kh7 30. Rb7 Nb4 31. Kf3 Rf7 32. Rg1 1-0

[Event "Sunway Sitges Online Open"]
[Site "chess.com INT"]
[Date "2020.04.26"]
[Round "8.76"]
[White "Khoury, Theo"]
[Black "Nergard, Ole-Kristian"]
[Result "0-1"]
[WhiteElo "1465"]
[BlackElo "1705"]
[WhiteFideId "480703"]
[BlackFideId "1543156"]
[EventDate "2020.04.19"]

1. e4 c6 2. d4 d5 3. exd5 cxd5 4. c4 Nf6 5. Nc3 Nc6 6. Nf3 Bg4 7. cxd5 Nxd5 8.
Be2 e6 9. O-O Be7 10. h3 Bxf3 11. Bxf3 O-O 12. Nxd5 exd5 13. Be3 Bf6 14. Qd2 Qd6
15. Rac1 Rac8 16. Rfe1 Rfe8 17. a3 a5 18. Bg4 Ra8 19. Qd3 a4 20. Bd1 Bxd4 21.
Rxc6 bxc6 22. Qxd4 c5 23. Qh4 d4 24. Bd2 Rxe1+ 25. Bxe1 Rb8 26. Bxa4 Rxb2 27.
Qe4 g6 28. Qd3 Qe5 29. Kf1 Qd5 30. Bc3 Rb3 31. Bxb3 Qxb3 32. a4 dxc3 33. a5 Qb2
34. Qe3 c2 35. Qe8+ Kg7 36. Qe3 c1=Q+ 37. Qxc1 Qxc1+ 0-1

[Event "Sunway Sitges Online Open"]
[Site "chess.com INT"]
[Date "2020.04.26"]
[Round "8.77"]
[White "Shaw, Jaden"]
[Black "Balaram Harsha Kallakuri"]
[Result "1-0"]
[WhiteElo "1614"]
[BlackElo "1238"]
[WhiteFideId "7402880"]
[BlackFideId "25157051"]
[EventDate "2020.04.19"]

1. e4 c5 2. Nf3 d6 3. d4 cxd4 4. Nxd4 Nf6 5. Nc3 a6 6. Be3 e5 7. Nb3 Be6 8. f4
Ng4 9. Bd2 Nf6 10. Be2 Be7 11. O-O O-O 12. Be3 Nbd7 13. Nd2 exf4 14. Rxf4 d5 15.
exd5 Nxd5 16. Nxd5 Bxd5 17. Ne4 Nf6 18. Nxf6+ Bxf6 19. Bd4 Bxd4+ 20. Qxd4 Be6
21. Rd1 Qxd4+ 22. Rfxd4 Rac8 23. Bd3 Bxa2 24. b3 b5 25. Ra1 Bxb3 26. cxb3 Rfd8
27. Rxd8+ Rxd8 28. Rxa6 1-0

[Event "Sunway Sitges Online Open"]
[Site "chess.com INT"]
[Date "2020.04.26"]
[Round "8.78"]
[White "Alem, Ali Hussain"]
[Black "Jensen-Lynch, Jonathan"]
[Result "1-0"]
[WhiteElo "1590"]
[BlackElo "1590"]
[WhiteFideId "21500088"]
[BlackFideId "2617900"]
[EventDate "2020.04.19"]

1. Nf3 d6 2. g3 f5 3. d4 Nf6 4. Bg2 g6 5. O-O Bg7 6. c4 O-O 7. Nc3 c6 8. d5 e5
9. dxe6 Bxe6 10. Qb3 b5 11. Nd2 a6 12. a4 bxc4 13. Nxc4 Ra7 14. Be3 Re7 15. Rfd1
Qc7 16. Bb6 Qd7 17. a5 Ne8 18. Qb4 Bxc4 19. Qxc4+ Qe6 20. Qxe6+ Rxe6 21. Bd4 Nf6
22. Ra3 d5 23. Rb3 Nbd7 24. e3 g5 25. Na4 f4 26. Bf1 fxg3 27. hxg3 Ne4 28. Bxg7
Kxg7 29. Rb7 Re7 30. Nb6 Rff7 31. Bxa6 Ne5 32. Rxe7 Rxe7 33. Bc8 Rf7 34. f4 gxf4
35. gxf4 Nf3+ 36. Kg2 Nh4+ 37. Kf1 Ra7 38. a6 Nc5 39. Ra1 Kf6 40. Ke2 Nf5 41. b4
Ne4 42. Bb7 Nfd6 43. Bxc6 Rg7 44. Nxd5+ Kf7 45. a7 Nf5 46. a8=Q Rg2+ 47. Kd3
Nfd6 48. Ra7+ Ke6 49. Bd7+ Kf7 50. Bh3+ Kg6 51. Qg8+ Kh6 52. Rxh7# 1-0

[Event "Sunway Sitges Online Open"]
[Site "chess.com INT"]
[Date "2020.04.26"]
[Round "8.79"]
[White "Kumar, Prajit Sai"]
[Black "Dhanesh, Venkata Narayanaswamy"]
[Result "1-0"]
[WhiteElo "1637"]
[BlackElo "1212"]
[WhiteFideId "1070207"]
[BlackFideId "5829453"]
[EventDate "2020.04.19"]

1. d4 Nf6 2. c4 g6 3. Nc3 Bg7 4. e4 d6 5. Nf3 O-O 6. h3 Nbd7 7. Be3 Re8 8. Be2
e5 9. d5 b6 10. Nd2 a5 11. g4 Rf8 12. g5 Ne8 13. Qc2 Nc5 14. h4 f5 15. O-O-O Na6
16. f3 f4 17. Bf2 Nb4 18. Qb3 Bd7 19. a3 Na6 20. Rdg1 Rb8 21. Bf1 Nc5 22. Qc2 c6
23. Bxc5 bxc5 24. h5 cxd5 25. cxd5 Nc7 26. hxg6 hxg6 27. Nc4 Ne8 28. Bh3 Bxh3
29. Rxh3 Kf7 30. Qg2 Ra8 31. Qg4 Nc7 32. Nb5 Ke7 33. Nxc7 Qxc7 34. Qe6+ Kd8 35.
Qxd6+ Qxd6 36. Nxd6 Kc7 37. Nc4 a4 38. Rh7 Rf7 39. Rd1 Raf8 40. Kc2 Kd8 41. Kc3
Ke7 42. Nb6 Rb8 43. Nxa4 Kd6 44. b3 Ra7 45. Nb2 Rxa3 46. Nc4+ Ke7 47. Nxa3 Kf8
48. Rdh1 Rb4 49. Nc4 Kf7 50. Ra1 Kg8 51. Rh2 Rb7 52. Rha2 Kh7 53. Ra7 Rb4 54.
Nd6 Kg8 55. Ra8+ Kh7 56. R1a7 Rxb3+ 57. Kxb3 c4+ 58. Kc2 c3 59. Ne8 Kg8 60. Nf6# 1-0

[Event "Sunway Sitges Online Open"]
[Site "chess.com INT"]
[Date "2020.04.27"]
[Round "9.11"]
[White "Mahitosh, Dey"]
[Black "Gluhovsky, Mark"]
[Result "0-1"]
[WhiteTitle "FM"]
[WhiteElo "2254"]
[BlackElo "2271"]
[WhiteFideId "25091468"]
[BlackFideId "24165514"]
[EventDate "2020.04.19"]

1. e4 c5 2. Nf3 a6 3. d4 cxd4 4. Nxd4 Nf6 5. Nc3 e5 6. Nf3 Bb4 7. Bc4 O-O 8. O-O
Bxc3 9. bxc3 Qc7 10. Bb3 d6 11. Ba3 Nxe4 12. Qd5 Qc6 13. Qxd6 Nxd6 0-1

[Event "Sunway Sitges Online Open"]
[Site "chess.com INT"]
[Date "2020.04.27"]
[Round "9.13"]
[White "Reimanis, Ritvars"]
[Black "Gajwa, Ankit"]
[Result "1-0"]
[WhiteTitle "FM"]
[BlackTitle "FM"]
[WhiteElo "2421"]
[BlackElo "2245"]
[WhiteFideId "11602988"]
[BlackFideId "5077834"]
[EventDate "2020.04.19"]

1. d4 d5 2. c4 e6 3. Nf3 Nf6 4. Nc3 Be7 5. Bf4 O-O 6. e3 Nbd7 7. c5 c6 8. Bd3 b6
9. b4 a5 10. a3 Ba6 11. Bxa6 Rxa6 12. Qd3 Qa8 13. b5 cxb5 14. Nxb5 Qc6 15. Bd6
Bxd6 16. cxd6 a4 17. O-O Ra5 18. Rab1 Rc8 19. Ne5 Nxe5 20. dxe5 Nd7 21. f4 f6
22. Nd4 Qc3 23. Qxc3 Rxc3 24. f5 fxe5 25. fxe6 exd4 26. exd7 Ra8 27. exd4 1-0

[Event "Sunway Sitges Online Open"]
[Site "chess.com INT"]
[Date "2020.04.27"]
[Round "9.14"]
[White "Srihari, L R"]
[Black "Tsaknakis, Zisis"]
[Result "1-0"]
[WhiteTitle "FM"]
[WhiteElo "2414"]
[BlackElo "2217"]
[WhiteFideId "46617116"]
[BlackFideId "4259963"]
[EventDate "2020.04.19"]

1. d4 Nf6 2. c4 g6 3. Nc3 Bg7 4. e4 O-O 5. Be3 d6 6. h3 Nc6 7. d5 Nb4 8. Nf3 Na6
9. Be2 Nc5 10. Nd2 e6 11. O-O exd5 12. cxd5 Re8 13. Qc2 Qe7 14. Bf3 Nfd7 15.
Rac1 Ne5 16. Be2 f5 17. Bxc5 dxc5 18. f4 Nf7 19. e5 g5 20. Bh5 gxf4 21. e6 Nd6
22. Bxe8 Qxe8 23. Rxf4 Qg6 24. Rf3 b6 25. Nf1 Bb7 26. Ne3 Rf8 27. Rcf1 Bd4 28.
Kh1 f4 29. Rxf4 Rxf4 30. Rxf4 Qxc2 31. Nxc2 Be5 32. Rg4+ Kf8 33. Ne3 b5 34. Rh4
Kg7 35. Rh5 Bf6 36. Nf5+ Kg6 37. Nxd6 cxd6 38. g4 b4 39. Ne4 Be7 40. Rf5 c4 41.
Kg2 c3 42. bxc3 bxc3 43. Nxc3 Bf6 44. Ne4 Be5 45. Rg5+ Kh6 46. e7 1-0

[Event "Sunway Sitges Online Open"]
[Site "chess.com INT"]
[Date "2020.04.27"]
[Round "9.15"]
[White "Rudovskii, Filipp"]
[Black "Baskin, Robert"]
[Result "1/2-1/2"]
[BlackTitle "IM"]
[WhiteElo "2158"]
[BlackElo "2390"]
[WhiteFideId "54121299"]
[BlackFideId "24662402"]
[EventDate "2020.04.19"]

1. e4 c5 2. c3 d5 3. exd5 Qxd5 4. d4 Nf6 5. Nf3 Nc6 6. Na3 Bg4 7. Be2 cxd4 8.
Nb5 O-O-O 9. Nbxd4 e5 10. Nxc6 Qxc6 11. Qb3 Be6 12. Qb5 Qxb5 13. Bxb5 h6 14. Be3
Kb8 15. Ba4 Ng4 16. Bb3 Bxb3 17. axb3 Nxe3 18. fxe3 Bc5 19. Ke2 Rhe8 20. Rhd1
Rxd1 21. Rxd1 e4 22. Nd4 g6 23. g4 a6 24. Rf1 Re7 25. h4 Bd6 26. h5 Be5 27. hxg6
fxg6 28. Rf8+ Ka7 29. Rg8 Bg7 30. Rd8 1/2-1/2

[Event "Sunway Sitges Online Open"]
[Site "chess.com INT"]
[Date "2020.04.27"]
[Round "9.16"]
[White "Dudin, Gleb"]
[Black "Ansh, M Shah"]
[Result "1/2-1/2"]
[WhiteTitle "FM"]
[WhiteElo "2387"]
[BlackElo "2095"]
[WhiteFideId "34184934"]
[BlackFideId "25033379"]
[EventDate "2020.04.19"]

1. d4 Nf6 2. c4 e6 3. Nc3 d5 4. cxd5 exd5 5. Bg5 Be7 6. e3 O-O 7. Qc2 h6 8. Bf4
c5 9. Nf3 Nc6 10. h3 cxd4 11. exd4 Re8 12. Be2 Be6 13. O-O Rc8 14. Rac1 a6 15.
Rfd1 Bd6 16. Be5 Bxe5 17. dxe5 Nd7 18. Qd2 Ncxe5 19. Nxd5 Rxc1 20. Qxc1 Bxd5 21.
Rxd5 Qb6 22. Qc3 Qe6 23. Rd1 Qxa2 24. Qb4 b5 25. Rd6 Qb1+ 26. Kh2 Qf5 27. Rxa6
Nxf3+ 28. Bxf3 Ne5 29. Ra3 Nxf3+ 30. Rxf3 Qe5+ 31. Qf4 1/2-1/2

[Event "Sunway Sitges Online Open"]
[Site "chess.com INT"]
[Date "2020.04.27"]
[Round "9.17"]
[White "Polivanov, Anatoliy"]
[Black "Koellner, Aaron Noah"]
[Result "1-0"]
[WhiteTitle "IM"]
[WhiteElo "2452"]
[BlackElo "2257"]
[WhiteFideId "14109468"]
[BlackFideId "12993085"]
[EventDate "2020.04.19"]

1. e4 c5 2. Nf3 Nf6 3. Nc3 d5 4. exd5 Nxd5 5. Bb5+ Bd7 6. Ne5 Bxb5 7. Qf3 f6 8.
Nxb5 Na6 9. Qh5+ g6 10. Nxg6 hxg6 11. Qxh8 Qd7 12. Nc3 Qe6+ 13. Kf1 Nxc3 14.
dxc3 Qc4+ 15. Kg1 Qe2 16. Be3 Qxc2 17. Qg8 O-O-O 18. Qb3 Qe2 19. Qe6+ Rd7 20. h4
Bh6 21. Qg8+ Rd8 22. Qf7 Qxb2 23. Qe6+ Kb8 24. Qxe7 Kc8 25. Qe6+ Kc7 26. Bxh6
Qxa1+ 27. Kh2 Qxc3 28. Bf4+ Rd6 29. Qxd6+ Kc8 30. Qe6+ Kd8 31. Rd1+ 1-0

[Event "Sunway Sitges Online Open"]
[Site "chess.com INT"]
[Date "2020.04.27"]
[Round "9.18"]
[White "Bharath, Subramaniyam H"]
[Black "Grutter, Tim"]
[Result "1-0"]
[WhiteTitle "IM"]
[WhiteElo "2437"]
[BlackElo "2253"]
[WhiteFideId "46634827"]
[BlackFideId "1057472"]
[EventDate "2020.04.19"]

1. e4 c5 2. Nf3 e6 3. d4 cxd4 4. Nxd4 Nc6 5. Nc3 Qc7 6. f4 a6 7. Nxc6 Qxc6 8.
Bd3 b5 9. Qe2 Bb7 10. Bd2 Nf6 11. e5 Nd5 12. Be4 b4 13. Nxd5 exd5 14. Bd3 a5 15.
O-O Ba6 16. f5 Bc5+ 17. Kh1 O-O 18. Qg4 Rfe8 19. Rae1 Bxd3 20. cxd3 f6 21. Rc1
Rxe5 22. Bh6 Re7 23. d4 d6 24. dxc5 dxc5 25. Rfe1 Rae8 26. Re6 Qd7 27. Rxc5 Rxe6
28. fxe6 Rxe6 29. Rc8+ 1-0

[Event "Sunway Sitges Online Open"]
[Site "chess.com INT"]
[Date "2020.04.27"]
[Round "9.19"]
[White "Matthiesen, Martin"]
[Black "Razin, Vadim"]
[Result "1-0"]
[WhiteTitle "FM"]
[WhiteElo "2260"]
[BlackElo "2428"]
[WhiteFideId "1404067"]
[BlackFideId "14119463"]
[EventDate "2020.04.19"]

1. d4 d5 2. c4 e6 3. Nc3 f5 4. Nf3 Nf6 5. Bf4 Be7 6. e3 O-O 7. Bd3 c6 8. Qc2 Ne4
9. Ne5 Nd7 10. O-O g5 11. Nxd7 Bxd7 12. Be5 Be8 13. c5 b6 14. b4 a5 15. Na4 b5
16. Nb6 Ra6 17. a4 Rxb6 18. cxb6 Bxb4 19. Bxe4 fxe4 20. b7 Bd6 21. Bxd6 Qxd6 22.
axb5 cxb5 23. Rxa5 Qb6 24. Qc8 Bf7 25. Ra8 1-0